Globální výhled bankovnictví na rok 2004 deset klíčových otázek, jimiž se banky musí letos zabývat

Oživenie svetového hospodárstva v roku 2003. Spoločnosť Deloitte identifikovala desať hlavných problémov, ktorými sa banky musia zaoberať v roku 2004. Využitie potenciálu klientov, stratégia krížového predaja. Zvyšovanie ziskovosti pôsobením na ľudské zdroje. Presuny do zahraničia - znižovanie nákla...

Descrizione completa

Salvato in:
Dettagli Bibliografici
Natura: Capitolo di libro
Lingua:ceco
Soggetti:
Tags: Aggiungi Tag
Nessun Tag, puoi essere il primo ad aggiungerne!!

MARC

LEADER 00000naa$a2200000$$$4500
001 0008882
005 20231010083047.6
041 0 |a cze 
044 |a CZ 
245 1 0 |a Globální výhled bankovnictví na rok 2004  |b deset klíčových otázek, jimiž se banky musí letos zabývat 
520 |a Oživenie svetového hospodárstva v roku 2003. Spoločnosť Deloitte identifikovala desať hlavných problémov, ktorými sa banky musia zaoberať v roku 2004. Využitie potenciálu klientov, stratégia krížového predaja. Zvyšovanie ziskovosti pôsobením na ľudské zdroje. Presuny do zahraničia - znižovanie nákladov ako kľúčový stimul. Basilej II ako príležitosť. Ako si poradiť s regulačnou revolúciou. Podnikové riadenie - celosvetová snaha o sprísnenie noriem. Medzinárodné účtovné štandardy. Investície do nových technológií. Budovanie dôvery. Udržiavanie strategického nasmerovania. 
610 2 0 |a bankovníctvo 
610 2 0 |a hospodárstvo svetové 
610 2 0 |a oživenie 
610 2 0 |a banky 
610 2 0 |a 2004 
610 2 0 |a stratégia obchodná 
610 2 0 |a výkonnosť